00668nam a2200181Ia 4500999001700000082001200017100001800029245008400047260006300131300000900194504002500203650002200228650003000250650001100280710006500291942001200356952011800368 c13426d13426 aRR.0230 aRath, Sharada 0aElections in India : A study of the eleventh assembly elections in Orissa, 1995 c1996bIndian Council of Social Science Research, New Delhi a95p. aAppendix at the end. aELECTIONS - INDIA aELECTIONS - ORISSA - 1995 aORISSA aInstitute of Public Policy Studies and Research, Bhubaneswar cRP2ddc 001040708MRPaNASSDOCbNASSDOCd2004-10-08i2004-10-05l0oRR.0230p38105r2019-04-18 00:00:00w2019-04-18yRP